Exeter: A Roman Legionary Fortress and Civitas Capital

Saved in:

Main Author: John Pamment Salvatore

Format: Book

Language: Undetermined

Online Access: Login to view Source

Tags: Add Tag

No Tags, Be the first to tag this record!

Call Number:

LEADER 00471nmm a2200133Ia 4500
008 240716s9999||||xx |||||||||||||||||und||
020 |a 9781803276281 
020 |a 9781803276298 
100 |a John Pamment Salvatore 
245 1 0 |a Exeter: A Roman Legionary Fortress and Civitas Capital  |c John Pamment Salvatore 
264 |b Archaeopress Archaeology  |c 15-فبراير-24 
856 4 0 |u http://library.arce.org:8087/Archaeopress/Products/9781803276281 
942 |2 lcc  |c EBOOK 
999 |c 58954  |d 58954